000 00841nam a2200265Ia 4500
003 OSt
005 20220927114928.0
006 a|||||r|||| 00| 0
007 ta
008 220926b |||||||| |||| 00| 0 eng d
024 _a64190
037 _cThesis and Dissertations
040 _aRTL
_cRTL
_beng
041 _2eng
_aeng
082 _a"X625:8DR.2.N9, N4"
100 _aBatra Amita
_9373849
110 _aUniversity of Delhi. Deptt of Economics
_9389692
245 0 _aProfitablility of Indian scheduled commercial bank
260 _aDelhi
_bUniversity of Delhi India
_c1994
300 _a91p.
_ccm.
650 _aCommercial Banks
700 _aUniversity of Delhi. Deptt of Economics
_9389693
942 _h"X625:8DR.2.N9, N4"
_cCC
999 _c705264
_d705264